| Tag |
First Indicator |
Second Indicator |
Subfields |
| LEADER |
00000cam a2200000 i 4500 |
| 001 |
in00003855349 |
| 005 |
20170622084415.0 |
| 008 |
160815t20172017nyu 000 f eng |
| 010 |
|
|
|a 2016029320
|
| 035 |
|
|
|a (OCoLC)ocn953165445
|
| 040 |
|
|
|a DLC
|b eng
|e rda
|c DLC
|d OCLCO
|d OCLCF
|d OCLCO
|d OCLCQ
|d DAD
|d OCLCO
|d IK2
|d LEB
|d YDX
|d IUK
|d POSTP
|d ABG
|d OCL
|d ZHB
|d ZAC
|d TXNPS
|d YDX
|
| 020 |
|
|
|a 9781627795173
|q hardcover
|
| 020 |
|
|
|a 1627795170
|q hardcover
|
| 020 |
|
|
|z 9781627795180
|q electronic book
|
| 024 |
8 |
|
|a 40027219121
|
| 035 |
|
|
|a (OCoLC)953165445
|
| 042 |
|
|
|a pcc
|
| 043 |
|
|
|a e-xr---
|
| 050 |
0 |
0 |
|a PR6052.A57
|b W65 2017
|
| 082 |
0 |
0 |
|a 823/.914
|2 23
|
| 084 |
|
|
|a FIC022060
|a FIC014000
|a FIC030000
|2 bisacsh
|
| 049 |
|
|
|a TXAM
|
| 100 |
1 |
|
|a Black, Benjamin,
|d 1945-
|e author.
|
| 245 |
1 |
0 |
|a Wolf on a string :
|b a novel /
|c Benjamin Black.
|
| 250 |
|
|
|a First edition.
|
| 264 |
|
1 |
|a New York :
|b Henry Holt and Company,
|c 2017.
|
| 264 |
|
4 |
|c ©2017
|
| 300 |
|
|
|a 309 pages ;
|c 25 cm
|
| 336 |
|
|
|a text
|b txt
|2 rdacontent
|
| 337 |
|
|
|a unmediated
|b n
|2 rdamedia
|
| 338 |
|
|
|a volume
|b nc
|2 rdacarrier
|
| 520 |
|
|
|a "Christian Stern, an ambitious young scholar and alchemist, arrives in Prague in the bitter winter of 1599, intent on making his fortune at the court of the Holy Roman Emperor, the eccentric Rudolf II. The night of his arrival, drunk and lost, Christian stumbles upon the body of a young woman in Golden Lane, an alley hard by Rudolf's great castle. Dressed in a velvet gown, wearing a large gold medallion around her neck, the woman is clearly well-born--or was, for her throat has been slashed. A lesser man would smell danger, but Christian is determined to follow his fortunes wherever they may lead. He quickly finds himself entangled in the machinations of several ruthless courtiers, and before long he comes to the attention of the Emperor himself. Rudolf, deciding that Christian is that rare thing--a person he can trust--sets him the task of solving the mystery of the woman's murder."--
|c Provided by publisher.
|
| 651 |
|
0 |
|a Prague (Czech Republic)
|x History
|y 16th century
|v Fiction.
|
| 650 |
|
0 |
|a Murder
|x Investigation
|v Fiction.
|
| 650 |
|
7 |
|a FICTION
|x Mystery & Detective
|x Historical.
|2 bisacsh
|
| 650 |
|
7 |
|a FICTION
|x Historical.
|2 bisacsh
|
| 650 |
|
7 |
|a FICTION
|x Suspense.
|2 bisacsh
|
| 650 |
|
7 |
|a Murder
|x Investigation.
|2 fast
|0 (OCoLC)fst01029788
|
| 651 |
|
7 |
|a Czech Republic
|z Prague.
|2 fast
|0 (OCoLC)fst01205207
|
| 648 |
|
7 |
|a 1500-1599
|2 fast
|
| 655 |
|
7 |
|a Detective and mystery fiction.
|2 fast
|0 (OCoLC)fst01726581
|
| 655 |
|
7 |
|a Fiction.
|2 fast
|0 (OCoLC)fst01423787
|
| 655 |
|
7 |
|a Historical fiction.
|2 fast
|0 (OCoLC)fst01726640
|
| 655 |
|
7 |
|a History.
|2 fast
|0 (OCoLC)fst01411628
|
| 655 |
|
7 |
|a Historical fiction.
|2 gsafd
|
| 655 |
|
7 |
|a Mystery fiction.
|2 gsafd
|
| 655 |
|
7 |
|a Historical fiction.
|2 lcgft
|
| 655 |
|
7 |
|a Detective and mystery fiction.
|2 lcgft
|
| 945 |
|
|
|b 145486
|
| 947 |
|
|
|a A14850170680
|
| 994 |
|
|
|a 92
|b TXA
|
| 948 |
|
|
|a Cataloged
|b h
|c 2017/6/22
|d c
|e A RRule
|
| 999 |
f |
f |
|s 228ecfa5-cdc3-3fa2-806e-a55e3526bbda
|i 11b9bc41-e8a6-3089-9cfd-815ab97e095a
|t 0
|
| 952 |
f |
f |
|p normal
|a Texas A&M University
|b College Station
|c Sterling C. Evans Library
|d Evans: Library Stacks
|t 0
|e PR6052.A57 W65 2017
|h Library of Congress classification
|i unmediated -- volume
|m A14850170680
|
| 998 |
f |
f |
|a PR6052.A57 W65 2017
|t 0
|l Evans: Library Stacks
|